000 00608nam a22001577a 4500
003 OSt
005 20151101093825.0
008 151101b xxu||||| |||| 00| 0 eng d
040 _cRUA
082 _aFOR ទុង 1989 B115 Or.1
100 _93108
_aទុង ធីរម្យ
245 _aការស្រាវជ្រាវនិងការប្រើប្រាស់ធនធានព្រែឈើនាពេលអនាគតនៅតំបន់តាទឿង ខេត្ត រតនៈគិរី
260 _aPhnom Penh
_bRUA
_c1989
300 _a98p.
_bill.
_c29cm.
942 _2ddc
_cFOR
999 _c2898
_d2898